|
|
|
|
| LEADER |
01191nam a22002657a 4500 |
| 001 |
38236 |
| 003 |
BD-DhAAL |
| 005 |
20220403124347.0 |
| 008 |
220327t2012 bg |||| |||| 00| 0 ben d |
| 999 |
|
|
|c 43893
|d 43893
|
| 020 |
|
|
|a 9789848557150
|
| 040 |
|
|
|a BD-DhAAL
|
| 041 |
|
|
|a BEN
|
| 082 |
|
|
|a 954.9205
|
| 100 |
|
|
|a সাইয়িদ, আবু
|9 47457
|
| 245 |
|
|
|a মুক্তিযুদ্ধের দলিল লণ্ডভণ্ড এবং অতঃপর /
|c আবু সাইয়িদ
|
| 246 |
|
|
|a Muktijuddher dalil landovondo abong atspar
|
| 260 |
|
|
|a ঢাকা :
|b সূচীপত্র,
|c ২০১২
|
| 300 |
|
|
|a ১৯৮ পৃষ্ঠা ;
|c ২২ সে.মি.
|
| 541 |
|
|
|a Donated By Akbar Ali Khan
|e 38236
|
| 650 |
|
|
|a Bangladesh
|x History
|y Revolution, 1971
|9 47458
|
| 650 |
|
|
|a বাংলাদেশ
|x ইতিহাস
|y মুক্তিযুদ্ধ, ১৯৭১
|9 47459
|
| 852 |
|
|
|a Ayesha Abed Library
|c Akbar Ali Khan Collection
|
| 942 |
|
|
|2 ddc
|c BK
|
| 952 |
|
|
|0 0
|1 0
|2 ddc
|4 0
|6 954_920500000000000_SAY
|7 1
|9 70289
|a BRACUL
|b BRACUL
|c AAKC
|d 2022-03-27
|e Donated by Akbar Ali Khan
|l 0
|o 954.9205 SAY
|p 3010038236
|r 2022-03-27
|t 1
|w 2022-03-27
|y BK
|